00559nam a2200157Ia 4500008004100000100002300041245007200064245004400136260004900180260000900229300001000238650001300248856004800261999001900309952007300328170221s9999 xx 000 0 und d aC. Richard Torrisi aFDI in Hungary and Slovakia: the experience of smaller EU economies cC. Richard Torrisi, Suffolk University. bJournal of Management and Marketing Research c2013 a2 : 2 xBusiness uhttp://www.aabri.com/manuscripts/152240.pdf c313333d313333 001040aCLbCLd2017-02-21l0r2017-02-21 00:00:00w2017-02-21yFOJ